দেশবন্ধু থেকে বঙ্গবন্ধু / (Record no. 44957)
[ view plain ]
| 000 -LEADER | |
|---|---|
| fixed length control field | 00942nam a2200241 a 4500 |
| 001 - CONTROL NUMBER | |
| control field | 44957 |
| 003 - CONTROL NUMBER IDENTIFIER | |
| rucl marc code | BD-RjUL |
| 005 - DATE AND TIME OF LATEST TRANSACTION | |
| control field | 20211209053937.0 |
| 008 - FIXED-LENGTH DATA ELEMENTS--GENERAL INFORMATION | |
| fixed length control field | 160721r19981996bg ||||| |||| 00| 0 ben d |
| 020 ## - INTERNATIONAL STANDARD BOOK NUMBER | |
| International Standard Book Number | 9484013193 |
| Terms of availability | : Tk.60.00 |
| International Standard Book Number | 9789840425419 |
| Terms of availability | : Tk. 200.00 |
| 035 ## - SYSTEM CONTROL NUMBER | |
| System control number | (BD-RjUL)45075 |
| 040 ## - CATALOGING SOURCE | |
| Original cataloging agency | BD-RjUL |
| Language of cataloging | ben |
| Transcribing agency | BD-RjUL |
| Modifying agency | BD-RjUL |
| 041 ## - LANGUAGE CODE | |
| Language code of text/sound track or separate title | ben |
| 082 ## - DEWEY DECIMAL CLASSIFICATION NUMBER | |
| Edition number | 23 |
| Classification number | 320.95492 |
| Author mark and year | SYD 2020 |
| 100 ## - MAIN ENTRY--PERSONAL NAME | |
| Personal name | সাঈদ, আবু আল |
| 9 (RLIN) | 137784 |
| 245 10 - TITLE STATEMENT | |
| Title | দেশবন্ধু থেকে বঙ্গবন্ধু / |
| Statement of responsibility, etc. | আবু আল সাঈদ |
| 260 ## - PUBLICATION, DISTRIBUTION, ETC. (IMPRINT) | |
| Place of publication, distribution, etc. | ঢাকা : |
| Name of publisher, distributor, etc. | আগামী প্রকাশনী, |
| Date of publication, distribution, etc. | ১৯৯৬ [মুদ্রণ ১৯৯৮, ১৯৯৯,২০২০] |
| 300 ## - PHYSICAL DESCRIPTION | |
| Pagination | ৯২ পৃ. ; |
| Size | ২৪ সেমি. |
| 650 ## - SUBJECT ADDED ENTRY--TOPICAL TERM | |
| Topical term or geographic name as entry element | রাজনৈতিক ইতিহাস |
| Geographic subdivision | বাংলাদেশ |
| 9 (RLIN) | 137785 |
| Topical term or geographic name as entry element | Political History |
| Geographic subdivision | Bangladesh |
| 9 (RLIN) | 137786 |
| 942 ## - ADDED ENTRY ELEMENTS (KOHA) | |
| Source of classification or shelving scheme | Dewey Decimal Classification |
| Koha item type | Books |
| Lost status | Source of classification or shelving scheme | Damaged status | Not for loan | Collection code | Permanent Location | Current Location | Shelving location | Date acquired | Source of acquisition | Cost, normal purchase price | Total Checkouts | Full call number | Date last seen | Copy number | Koha item type | Date checked out |
|---|---|---|---|---|---|---|---|---|---|---|---|---|---|---|---|---|
| Dewey Decimal Classification | Non-fiction | Central Library, University of Rajshahi | Central Library, University of Rajshahi | 01/09/2019 | Agami ProkaSoni, Dhaka. | 120.00 | B 320.95492 SYD 1998 | 21/07/2016 | C-2 | Books | ||||||
| Dewey Decimal Classification | Non-fiction | Central Library, University of Rajshahi | Central Library, University of Rajshahi | 19/01/1999 | Agami prokashoni | 64.00 | 3 | B 320.95492 SYD 1998 | 12/02/2018 | C-3 | Books | 25/01/2018 | ||||
| Dewey Decimal Classification | Not For Loan | Non-fiction | Central Library, University of Rajshahi | Central Library, University of Rajshahi | Reading Room | 01/09/2019 | Agami ProkaSoni, Dhaka. | 60.00 | B 320.95492 SYD 1998 | 11/12/2016 | C-1 | Books | ||||
| Dewey Decimal Classification | Non-fiction | Central Library, University of Rajshahi | Central Library, University of Rajshahi | 25/11/2021 | B65083 | 150.00 | B 320.95492 SYD 2020 | 05/12/2021 | C-4 | Books | ||||||
| Dewey Decimal Classification | Non-fiction | Central Library, University of Rajshahi | Central Library, University of Rajshahi | 25/11/2021 | B65083 | 150.00 | B 320.95492 SYD 2020 | 05/12/2021 | C-5 | Books |